|
|
|
|
| LEADER |
00000nam2a2200000 4500 |
| 001 |
277457 |
| 005 |
20231101235022.0 |
| 035 |
|
|
|a (RuTPU)RU\TPU\book\300731
|
| 035 |
|
|
|a RU\TPU\book\862
|
| 090 |
|
|
|a 277457
|
| 100 |
|
|
|a 20141203d1985 k y0rusy50 ca
|
| 101 |
0 |
|
|a rus
|
| 102 |
|
|
|a RU
|
| 105 |
|
|
|a y z 001zy
|
| 200 |
0 |
|
|a Т. 8
|
| 210 |
|
|
|d 1985
|
| 215 |
|
|
|a 274 с.
|
| 320 |
|
|
|a Литература: с. 261-266
|
| 320 |
|
|
|a Именной указатель: с. 267-269
|
| 320 |
|
|
|a Предметный указатель: с. 270-272
|
| 461 |
|
1 |
|0 (RuTPU)RU\TPU\book\302744
|x 0233-6723
|t Современные проблемы математики. Фундаментальные направления
|f Академия наук СССР (АН СССР), Всесоюзный институт научной и технической информации (ВИНИТИ) ; науч. ред. Р. В. Гамкрелидзе
|v Т. 8
|d 1985-1990
|s Итоги науки и техники
|
| 516 |
1 |
|
|a Комплексный анализ-многие переменные - 2
|
| 606 |
1 |
|
|a Математика
|2 stltpush
|3 (RuTPU)RU\TPU\subj\67327
|9 83171
|
| 610 |
1 |
|
|a многомерные вычеты
|
| 610 |
1 |
|
|a приложения
|
| 610 |
1 |
|
|a комплексный анализ
|
| 610 |
1 |
|
|a теория функций
|
| 610 |
1 |
|
|a интерполяция
|
| 610 |
1 |
|
|a шары
|
| 610 |
1 |
|
|a вычисления
|
| 610 |
1 |
|
|a теория потенциала
|
| 675 |
|
|
|a 51
|v 4
|
| 801 |
|
0 |
|a RU
|b 63413507
|c 20011209
|g PSBO
|
| 801 |
|
2 |
|a RU
|b 63413507
|c 20190325
|g PSBO
|
| 942 |
|
|
|c BK
|